| 000 | 00625nam a2200217 a 4500 | ||
|---|---|---|---|
| 005 | 20210219152917.0 | ||
| 008 | 991125n 000 0 eng u | ||
| 035 | _aUPN01000066846 | ||
| 100 | _aCarroll, James B. | ||
| 222 | _aRESEARCH IN HIGHER EDUCATION | ||
| 245 | _aCareer paths of department chairs : a national perspective | ||
| 300 | _a669-688 | ||
| 362 | _a1991 32, no. 6 may. | ||
| 653 | 0 | _aCARRERAS UNIVERSITARIAS | |
| 653 | 0 | _aCUALIDADES DEL ADMINISTRADOR | |
| 653 | 0 | _aFACULTAD COLEGIAL | |
| 653 | 0 | _aJEFES DE DEPARTAMENTO | |
| 653 | 0 | _aMODELOS DE EMPLEO | |
| 904 |
_aAC _b004657 |
||
| 905 | _aArticulo | ||
| 999 |
_c63692 _d63692 |
||